000 00453nmm a2200157Ia 4500
008 251105s9999||||xx |||||||||||||||||und||
020 _a9788490292532
041 _aspa
100 _aBustínduy Cruz, Iñaki
245 0 _aPresentaciones efectivas
264 _a[Madrid, España] :
_bUniversitat Oberta de Catalunya,
_c2013
300 _a146 páginas
650 _aEducation
856 _uhttps://public.digitaliapublishing.com/a/29252
942 _cCF
999 _c87618
_d87618